[Event "CZE-chT2E 1011"]
[Site "Czech Republic"]
[Date "2010.11.21"]
[Round "3.3"]
[White "Handl, Martin"]
[Black "Bacak, Martin"]
[Result "1-0"]
[WhiteElo "2067"]
[BlackElo "2141"]
[PlyCount "85"]
[EventDate "2010.10.17"]
[EventType "team-tourn"]
[EventRounds "11"]
[EventCountry "CZE"]
[SourceTitle "EXT 2012"]
[Source "ChessBase"]
[SourceDate "2011.11.24"]
[SourceVersion "1"]
[SourceVersionDate "2011.11.24"]
[SourceQuality "1"]
[WhiteTeam "Adamov"]
[BlackTeam "Postoupky"]
[WhiteTeamCountry "CZE"]
[BlackTeamCountry "CZE"]

1. e4 c6 2. d4 d5 3. Nc3 dxe4 4. Nxe4 Bf5 5. Ng3 Bg6 6. Nf3 Nd7 7. Bd3 Ngf6 8. 0-0 e6 9. Bg5 Qc7 10. c4 Bd6 11. Re1 0-0 12. Bxg6 hxg6 13. Qe2 c5 14. Rad1 Rfe8 15. b3 a6 16. dxc5 Bxc5 17. Ne4 Bb4 18. Rf1 Nxe4 19. Qxe4 Nf6 20. Qe2 Rad8 21. Ne5 Bc3 22. Nf3 Qa5 23. a4 e5 24. Nd2 Rd4 25. Bxf6 Rxd2 26. Rxd2 Bxd2 27. Rd1 Bc3 28. Bg5 Qb6 29. Rb1 Qe6 30. Be3 Rd8 31. Rd1 Bd4 32. Kf1 Qb6 33. Rd3 Qb4 34. Qd2 Qxd2 35. Rxd2 Kf8 36. Bxd4 exd4 37. Ke2 f5 38. Kd3 Ke7 39. c5 Ke6 40. Kc4 d3 41. Rxd3 Rh8 42. h3 f4 43. Rd6+ 1-0